| 000 | 00604nam a2200181Ia 4500 | ||
|---|---|---|---|
| 008 | 151018s9999 xx 000 0 und d | ||
| 082 |
_bRBASDV36581 _a891.462 |
||
| 100 | _aशारदाकुमार शिर्सेकर | ||
| 245 | _aआव्हान | ||
| 250 | _b1 | ||
| 260 | _bत्रिदल प्रकाशन मुंबई | ||
| 300 | _a88 | ||
| 600 | _aशारदाकुमार शिर्सेकर | ||
| 630 | _aआव्हान | ||
| 700 | _aशारदाकुमार शिर्सेकर | ||
| 730 | _aआव्हान | ||
| 942 | _cBOOK | ||
| 999 |
_c1036028 _d1036025 |
||